000 00472nam a2200193Ia 4500
008 131103s9999 xx 000 0 und d
020 _cRs. 14.50
040 _aLoreto College
041 _aEnglish
082 _aREF
_bLCBED/7844
245 4 _aThe third indian yearbook of education
260 _aNew Delhi
_bN.C.E.R,
_c1989
300 _a542p.
_c 20c.m.
504 _aIncludes index
650 _aREF
651 _aEducation
850 _aLCBED/REF
942 _cBK
999 _c34636
_d85115